| 000 | 00744cam a2200229 4500 | ||
|---|---|---|---|
| 001 | 32530 | ||
| 003 | AR-RoBPED | ||
| 005 | 20260410125219.0 | ||
| 008 | 260408s1971 |||||||| |||| 00| 1 spa d | ||
| 040 | _aAR-RoBPED | ||
| 041 | _aspa | ||
| 100 | 1 |
_aMallea, Eduardo _d1903-1982 _97466 |
|
| 245 | 1 | 3 |
_aEl vínculo ; Los Rembrandts ; La rosa de Cernobbio / _cEduardo Mallea ; prólogo de Enrique Azcoaga |
| 260 |
_aNavarra : _bSalvat, _c1970. |
||
| 300 | _a173 p. | ||
| 490 | 0 |
_a(Biblioteca Básica Salvat ; _v61) |
|
| 650 | 4 |
_aLITERATURA ARGENTINA _915616 |
|
| 650 | 4 |
_aCUENTOS _9291 |
|
| 700 |
_aAzcoaga, Enrique _d1912-1985 _930646 |
||
| 942 |
_2udc _ak. 32530 _cBK _h860(82)-3 _mM 21 _ninv. 42338 |
||
| 945 | _amm 08/04/2026 mev 10/04/2026 | ||
| 999 |
_c32530 _d32530 |
||